000 00727nam a2200241Ia 4500
003 GCL
008 140319s9999 xx 000 0 ara d
040 _aGCL /
_cGCL
082 0 4 _a398.2
_bب م
100 1 _aبيرتون و. ف
245 1 0 _aمن الفلكلور الافريقى /
_cبيرتون و. ف
700 1 _aلمعى المطيعى (مترجم)
700 1 _aعثمان نويه
260 _a[S.N] :
_bجمعية الوعى القومى ،
_c1961
300 _a118 ص
490 _aالفكر العالمى
_v0
650 0 4 _aالفولكلور
650 0 4 _aالادب الشعبى
650 0 4 _aافريقيا
650 0 4 _aالامثال
650 0 4 _aالقصص الشعبية
942 _2ddc
_cBK
999 _c36456
_d36456